Pokemon GO Unobtainable Pokemon (as of Oct 2025) - Statistics

General Stats
  • This quiz has been taken 24 times
  • The average score is 41 of 103
Answer Stats
Answer % Correct
Arceus
67%
Magearna
67%
Koraidon
60%
Mimikyu
60%
Miraidon
60%
Zeraora
60%
Archaludon
53%
Calyrex
53%
Gouging Fire
53%
Iron Boulder
53%
Iron Bundle
53%
Iron Crown
53%
Iron Leaves
53%
Iron Moth
53%
Manaphy
53%
Phione
53%
Raging Bolt
53%
Spectrier
53%
Type:Null
53%
Walking Wake
53%
Chien-Pao
47%
Chi-Yu
47%
Flutter Mane
47%
Glastrier
47%
Iron Hands
47%
Iron Jugulis
47%
Iron Thorns
47%
Iron Treads
47%
Iron Valiant
47%
Pecharunt
47%
Poltchageist
47%
Roaring Moon
47%
Scream Tail
47%
Silvally
47%
Sinistcha
47%
Terapagos
47%
Ting-Lu
47%
Wo-Chien
47%
Blipbug
40%
Brute Bonnet
40%
Chewtle
40%
Dottler
40%
Drednaw
40%
Fezandipiti
40%
Glimmet
40%
Glimmora
40%
Great Tusk
40%
Minior
40%
Ogerpon
40%
Okidogi
40%
Orbeetle
40%
Orthworm
40%
Pyukumuku
40%
Sandy Shocks
40%
Slither Wing
40%
Alcremie
33%
Arctovish
33%
Arctozolt
33%
Arrokuda
33%
Barraskewda
33%
Capsakid
33%
Cramorant
33%
Dracovish
33%
Dracozolt
33%
Eiscue
33%
Espathra
33%
Farigiraf
33%
Finizen
33%
Flamigo
33%
Flittle
33%
Garganacl
33%
Klawf
33%
Mabosstiff
33%
Maschiff
33%
Milcery
33%
Munkidori
33%
Nacli
33%
Naclstack
33%
Palafin
33%
Pincurchin
33%
Scovillain
33%
Spidops
33%
Squawkabilly
33%
Tarountula
33%
Veluza
33%
Wishiwashi
33%
Brambleghast
27%
Bramblin
27%
Carkol
27%
Clobbopus
27%
Coalossal
27%
Copperajah
27%
Cufant
27%
Cyclizar
27%
Grapploct
27%
Kilowattrel
27%
Rolycoly
27%
Sandaconda
27%
Silicobra
27%
Wattrel
27%
Basculegion
20%
Rabsca
13%
Rellor
13%
No matching quizzes found
Score Distribution
Percent of People with Each Score
Percentile by Number Answered
Your Score History
You have not taken this quiz